ARRUPE JESUIT UNIVERSITY

CORONAVIRUS -STOP THE SPREAD - CLEAN,DISINFECT,COVER

The history of mathematics : (Record no. 124915)

MARC details
000 -LEADER
fixed length control field 01660cam a22003257a 4500
001 - CONTROL NUMBER
control field 17106882
003 - CONTROL NUMBER IDENTIFIER
control field ARRUPE
005 - DATE AND TIME OF LATEST TRANSACTION
control field 20160811114535.0
008 - FIXED-LENGTH DATA ELEMENTS--GENERAL INFORMATION
fixed length control field 120105s2012 enk b 000 0 eng d
010 ## - LIBRARY OF CONGRESS CONTROL NUMBER
LC control number 2012930324
020 ## - INTERNATIONAL STANDARD BOOK NUMBER
International Standard Book Number 9780199599684
020 ## - INTERNATIONAL STANDARD BOOK NUMBER
International Standard Book Number 0199599688
035 ## - SYSTEM CONTROL NUMBER
System control number (OCoLC)ocn749871230
040 ## - CATALOGING SOURCE
Original cataloging agency BTCTA
Language of cataloging eng
Transcribing agency BTCTA
Modifying agency ITJCU
-- NLE
-- VP@
-- LE#
-- DLC
042 ## - AUTHENTICATION CODE
Authentication code lccopycat
050 00 - LIBRARY OF CONGRESS CALL NUMBER
Classification number QA21
Item number .S828 2012
300 ## - PHYSICAL DESCRIPTION
Dimensions 18 cm.
100 1# - MAIN ENTRY--PERSONAL NAME
Personal name Stedall, Jacqueline A.
9 (RLIN) 24797
245 14 - TITLE STATEMENT
Title The history of mathematics :
Remainder of title a very short introduction /
Statement of responsibility, etc Jacqueline Stedall.
260 ## - PUBLICATION, DISTRIBUTION, ETC. (IMPRINT)
Place of publication, distribution, etc Oxford ;
-- New York :
Name of publisher, distributor, etc Oxford University Press,
Date of publication, distribution, etc 2012.
300 ## - PHYSICAL DESCRIPTION
Extent xvii, 123 p. ;
490 1# - SERIES STATEMENT
Series statement Very short introductions ;
Volume number/sequential designation 305
504 ## - BIBLIOGRAPHY, ETC. NOTE
Bibliography, etc Includes bibliographical references (113-116) and index.
505 0# - FORMATTED CONTENTS NOTE
Formatted contents note 1. Mathematics: myth and history; 2. What is mathematics and who is a mathematician?; 3. How are mathematical ideas disseminated?; 4. Learning mathematics; 5. Mathematical livelihoods; 6. Getting inside mathematics; 7. The evolving historiography of mathematics.
520 ## - SUMMARY, ETC.
Summary, etc In this Very Short Introduction, Jacqueline Stedall explores the rich historical and cultural diversity of mathematical endeavour from the distant past to the present day, using illustrative case studies drawn from a range of times and places; including early imperial China, the medieval Islamic world, and nineteenth-century Britain--
650 #0 - SUBJECT ADDED ENTRY--TOPICAL TERM
Topical term or geographic name as entry element Mathematics
General subdivision History.
9 (RLIN) 14019
906 ## - LOCAL DATA ELEMENT F, LDF (RLIN)
a 7
b cbc
c copycat
d 2
e ncip
f 20
g y-gencatlg
942 ## - ADDED ENTRY ELEMENTS (KOHA)
Source of classification or shelving scheme Library of Congress Classification
Koha item type Monograph ( Printed materials)
Holdings
Withdrawn status Lost status Source of classification or shelving scheme Damaged status Not for loan Collection code Home library Current library Shelving location Date acquired Total Checkouts Full call number Barcode Date last seen Price effective from Koha item type
    Library of Congress Classification     Main Collection ARRUPE LIBRARY ARRUPE LIBRARY Main Collection 11/08/2016   QA21 .S828 2012 46500008557 11/08/2016 11/08/2016 Monograph ( Printed materials)

 

Arrupe Library. PO Box MP320 Mt Pleasant, Harare, Zimbabwe
263 242 745411|librarian@aju.ac.zw